[Event "IMSA Rapid w 2016"]
[Site "Huai'an CHN"]
[Date "2016.02.27"]
[Round "7.3"]
[White "Khotenashvili, Bela"]
[Black "Dzagnidze, Nana"]
[Result "1-0"]
[WhiteTitle "GM"]
[BlackTitle "GM"]
[WhiteElo "2502"]
[BlackElo "2529"]
[WhiteFideId "13602640"]
[BlackFideId "13601903"]
[EventDate "2016.02.26"]
[EventType "rapid"]

1. d4 Nf6 2. c4 e6 3. g3 Bb4+ 4. Bd2 Qe7 5. Bg2 Nc6 6. Nf3 Bxd2+ 7. Nbxd2 d6 8.
O-O O-O 9. a3 a5 10. b3 e5 11. d5 Nb8 12. b4 Na6 13. e4 Bd7 14. Qb3 Rfb8 15.
Rfb1 c6 16. dxc6 bxc6 17. Qc3 h6 18. Ne1 Nc7 19. Nd3 Ne6 20. Nb3 axb4 21. axb4
Ng5 22. Re1 Rxa1 23. Qxa1 Be6 24. Qc3 Qa7 25. h4 Ngh7 26. Na5 Qc7 27. c5 dxc5
28. Qxc5 Nf8 29. Nxc6 Rb7 30. Ncxe5 Qd8 31. Qc3 Qb6 32. Rc1 N8d7 33. Nxd7 Nxd7
34. Nc5 Rc7 35. Qd4 Qa7 36. Ra1 Qb6 37. Ra6 Qb5 38. Bf1 Qb8 39. Nxe6 fxe6 40.
Rxe6 Nf6 41. Rd6 Rc8 42. e5 Ne8 43. Rd7 Kh8 44. Bd3 Qa8 45. Be4 Qa2 46. Kg2 Qe6
47. Bd3 Kg8 48. b5 Kf8 49. Ra7 Kg8 50. Qe4 Kf8 51. Qf4+ Kg8 52. Qe4 Kf8 53. Qf3+
Kg8 54. Bf5 Qb6 55. Bxc8 Qxa7 56. Be6+ Kh7 57. Qf5+ g6 58. Qf7+ 1-0

[Event "IMSA Rapid w 2016"]
[Site "Huai'an CHN"]
[Date "2016.02.27"]
[Round "7.5"]
[White "Zhao, Xue"]
[Black "Huang, Qian"]
[Result "1/2-1/2"]
[WhiteTitle "GM"]
[BlackTitle "WGM"]
[WhiteElo "2506"]
[BlackElo "2450"]
[WhiteFideId "8601283"]
[BlackFideId "8602689"]
[EventDate "2016.02.26"]
[EventType "rapid"]

1. d4 d5 2. c4 c6 3. Nc3 Nf6 4. e3 g6 5. Nf3 Bg7 6. h3 O-O 7. Bd3 a6 8. O-O Nbd7
9. a4 e6 10. b3 a5 11. Ba3 Re8 12. Rc1 b6 13. e4 dxe4 14. Nxe4 Nxe4 15. Bxe4 Bb7
16. Re1 Qc7 17. c5 bxc5 18. Bxc5 Nxc5 19. Rxc5 Red8 20. Rc4 Qb6 21. h4 Rac8 22.
Qc2 Bxd4 23. Nxd4 Rxd4 24. Rxd4 Qxd4 25. Rd1 Qe5 26. g3 Ba6 27. Rd7 c5 28. Ra7
Qd6 29. Qc3 Qb6 30. Re7 Qb4 31. Qf3 Rf8 32. h5 Qd2 33. hxg6 hxg6 34. Ra7 Qc1+
35. Kh2 Kg7 36. Bxg6 Kxg6 37. Qg4+ Kf6 38. Qh4+ Kg7 39. Qg4+ Kf6 40. Qh4+ Kg7
41. Qg4+ 1/2-1/2

[Event "IMSA Rapid w 2016"]
[Site "Huai'an CHN"]
[Date "2016.02.27"]
[Round "7.8"]
[White "Socko, Monika"]
[Black "Harika, Dronavalli"]
[Result "0-1"]
[WhiteTitle "GM"]
[BlackTitle "GM"]
[WhiteElo "2448"]
[BlackElo "2511"]
[WhiteFideId "1106619"]
[BlackFideId "5015197"]
[EventDate "2016.02.26"]
[EventType "rapid"]

1. d4 g6 2. c4 Bg7 3. e4 c5 4. d5 d6 5. Nf3 e6 6. Nc3 Ne7 7. dxe6 Bxe6 8. Bf4
Nbc6 9. Qd2 O-O 10. Be2 Ne5 11. Nxe5 dxe5 12. Qxd8 Rfxd8 13. Be3 b6 14. O-O Nc6
15. Nd5 Rd7 16. Bd1 Nd4 17. Bg5 Bxd5 18. cxd5 f5 19. f3 f4 20. Bh4 Kf7 21. Bf2
Ke7 22. Ba4 Rc7 23. Be1 a5 24. Bc3 Kd6 25. Rf2 Rb8 26. a3 Bf6 27. Kf1 h5 28. Rd2
g5 29. h3 b5 30. Bd1 a4 31. Rc1 Ra7 32. Rd3 Ra6 33. Be1 Bd8 34. g3 Ra7 35. Bf2
Bb6 36. Kg2 c4 37. Rd2 Bc5 38. Rc3 Rg8 39. Be1 Rf8 40. Rf2 Rb8 41. Rf1 Nb3 42.
Bxb3 axb3 43. Rc1 Rc8 44. Bc3 Rb8 45. h4 Rg8 46. Kh3 Rag7 47. Be1 Bd4 48. Rb1
g4+ 49. fxg4 Rxg4 50. gxf4 exf4 51. Rf3 Ke5 52. d6 Kxd6 53. Bd2 Ke5 54. Rbf1
Rg3+ 55. Rxg3 Rxg3+ 56. Kh2 Rg4 57. Bc1 Kxe4 58. Kh3 Rg3+ 59. Kh2 Rf3 60. Rd1
Rf2+ 61. Kh3 Be3 62. a4 bxa4 63. Re1 Rf3+ 64. Kg2 Rg3+ 65. Kh2 Rg6 66. Bd2 Kd3
67. Bb4 f3 68. Rd1+ Ke4 69. Kh3 f2 0-1